000 00463cam a2200169ua 4500
020 _c75.00
041 _aeng
_h
082 _a004.1
_bMIL/MI
100 _aMiller, Micahel A .
245 _a68000 microprocessor: Architecture, programming and applications /
_cMichael Miller A.
_hTextual Documents
260 _aNew Delhi :
_bUniversal book stall ,
_c1988.
300 _a513 ; .
365 _a75.00
504 _a
942 _cBK
999 _c9826
_d9826